[Event "Kuala Lumpur UM KPT op"]
[Site "Kuala Lumpur"]
[Date "2016.12.17"]
[Round "4"]
[White "Fong, Choong Ee"]
[Black "Lee, Wen Xuan"]
[Result "1/2-1/2"]
[WhiteElo "1879"]
[BlackElo "1399"]
[PlyCount "122"]
[EventDate "2016.12.16"]
[EventType "swiss"]
[EventRounds "9"]
[EventCountry "MAS"]
[SourceTitle "CBM 176 Extra"]
[Source "ChessBase"]
[SourceDate "2017.03.02"]
[SourceVersion "1"]
[SourceVersionDate "2017.03.02"]
[SourceQuality "1"]

1. e4 e6 2. d4 d5 3. e5 c5 4. c3 Qb6 5. Nf3 Nc6 6. a3 Bd7 7. b4 cxb4 8. cxb4 a6 9. Bb2 Rc8 10. Nbd2 Na7 11. Nb3 Bb5 12. Bd3 Bxd3 13. Qxd3 Ne7 14. 0-0 Qb5 15. Qxb5+ Nxb5 16. Rac1 Na7 17. Rxc8+ Nexc8 18. Nc5 Bxc5 19. dxc5 h6 20. Nd4 Ne7 21. f4 Nec6 22. Kf2 Nxd4 23. Bxd4 Kd7 24. g4 g6 25. Ke3 Re8 26. f5 exf5 27. gxf5 Nc6 28. fxg6 fxg6 29. Rf7+ Re7 30. Rxe7+ Kxe7 31. Bb2 Ke6 32. Kf4 g5+ 33. Kg4 d4 34. Kh5 d3 35. Bc1 Nxe5 36. Kxh6 Nf3 37. h3 d2 38. Bxd2 Nxd2 39. Kxg5 Nf3+ 40. Kf4 Ne5 41. Ke4 Ng6 42. a4 Nf8 43. h4 Nh7 44. b5 axb5 45. axb5 Nf6+ 46. Kd4 Nh5 47. Kc4 Nf6 48. Kd4 Nh5 49. Ke4 Nf6+ 50. Kf4 Kd5 51. Kf5 Ng8 52. c6 bxc6 53. bxc6 Ne7+ 54. Kf6 Nxc6 55. h5 Nb8 56. h6 Nd7+ 57. Ke7 Ne5 58. h7 Ng6+ 59. Kf6 Nh8 60. Kg7 Ke6 61. Kxh8 Kf7 1/2-1/2